000 00630nam a2200181 a 4500
001 000049078
005 20201002061633.0
008 190717s1998 dr r 000 0 spa d
040 _aDO-SdBNP
_bspa
_cBNPHU
082 _axxxx
_bD542e
100 1 _aDíaz, Vianela
_92668
245 1 4 _aLas elecciones congresionales y municipales y la participación ciudadana. /
_cVianela Díaz.
260 _aSanto Domingo :
_bParticipación Ciudadana,
_c1998.
300 _a38 p. ;
_c22 cm.
500 _aIncluye referencias bibliográficas y notas al pie de las páginas
504 _aBibliografía : p. 37-38
590 _aInventariado, 2019/BT
999 _c48566
_d48566